000 00752nam a2200229Ii 4500
003 JO-AjNU
008 230605s9999||||xx |||||||||||||| ||und||
017 _a2002/2/306
020 _a9957-11-250-3
040 _aJO-AjNU
_bara
_erda
_cJO-AjNU
041 _aara
050 1 4 _aHF5415.D8538 2002
100 3 _aالضمور، هاني حامد,
_eauthor
_957313
245 0 0 _aتسويق الخدمات
250 _aط1
264 3 1 _aعمان: دار وائل للنشر والتوزيع، 2002
300 _a435ص
_bيحتوي على ببلوغرافية من ص427-435ص
336 _atext
_btxt
_2rdacontent
337 _aunmediated
_bn
_2rdamedia
338 _avolume
_bnc
_2rdacarrier
650 4 _aالتسويق - تسويق خدمات
_957314
999 _aA25674
_c29242
_d29242